Vista normal
Vista MARC
Entrada Materia (personas)
Número de registros utilizados en: 1
001 - CONTROL NUMBER
- control field: 45110
003 - CONTROL NUMBER IDENTIFIER
- control field: Co-BoUCM
005 - DATE AND TIME OF LATEST TRANSACTION
- control field: 20130913203703.0
008 - FIXED-LENGTH DATA ELEMENTS
- fixed length control field: 130913|| aca||aabn | a|a d
040 ## - CATALOGING SOURCE
- Original cataloging agency: Co-BoUCM
- Transcribing agency: Co-BoUCM
100 ## - HEADING--PERSONAL NAME
- Personal name: Box, George E. P.
670 ## - SOURCE DATA FOUND
- Source citation: Work cat.: (Co-BoUCM)180592: Box, George E. P. , Time series analysis, 2008